[Event "GER-chT U20"]
[Site "Osnabrueck"]
[Date "2012.12.29"]
[Round "6.6"]
[White "Weidmann, Kevin"]
[Black "Thanabalasingam, Ajandhan"]
[Result "0-1"]
[WhiteElo "1710"]
[BlackElo "1871"]
[PlyCount "112"]
[EventDate "2012.12.27"]
[EventType "team-swiss"]
[EventRounds "7"]
[EventCountry "GER"]
[SourceTitle "EXT 2014"]
[Source "ChessBase"]
[SourceDate "2013.11.20"]
[SourceVersion "1"]
[SourceVersionDate "2013.11.20"]
[SourceQuality "1"]
[WhiteTeam "Hamburger SK"]
[BlackTeam "Bochum SG"]
[WhiteTeamCountry "GER"]
[BlackTeamCountry "GER"]

1. e4 c5 2. Nf3 d6 3. d4 cxd4 4. Nxd4 Nf6 5. Nc3 a6 6. Bc4 e6 7. Bb3 b5 8. Bg5 Be7 9. Qf3 Qb6 10. 0-0-0 Nbd7 11. Rhe1 0-0 12. Qg3 Nc5 13. f4 Bb7 14. e5 dxe5 15. fxe5 Nxb3+ 16. axb3 Nh5 17. Qg4 Bxg5+ 18. Qxg5 g6 19. g4 Ng7 20. Ne4 Bxe4 21. Rxe4 Qc5 22. h4 Rac8 23. Qh6 Rfd8 24. Rd2 Rd5 25. Nf3 Rcd8 26. Ree2 Rxd2 27. Rxd2 Rxd2 28. Qxd2 Qd5 29. Qxd5 exd5 30. Nd4 Kf8 31. Kd2 h6 32. Kc3 Ke7 33. Nc6+ Ke6 34. Kd4 Ne8 35. Nd8+ Ke7 36. Nc6+ Ke6 37. Nd8+ Ke7 38. Nb7 Nc7 39. Nc5 Ke8 40. c3 Ke7 41. Nd3 Kd7 42. Kc5 a5 43. Nf4 Ne6+ 44. Nxe6 Kxe6 45. Kxb5 Kxe5 46. Kxa5 f5 47. gxf5 gxf5 48. b4 f4 49. b5 f3 50. b6 Kd6 51. Ka6 f2 52. b7 f1Q+ 53. Ka7 Qa1+ 54. Kb6 Qxb2+ 55. Ka7 Kc7 56. h5 Qxb7# 0-1